BUBT Library Online Catalog

The Indian Evidence Act, 1872 (Act No. 1of 1872) / (Record no. 7347)

000 -LEADER
fixed length control field 00590nam a22002057a 4500
003 - CONTROL NUMBER IDENTIFIER
control field BUBTL
008 - FIXED-LENGTH DATA ELEMENTS--GENERAL INFORMATION
fixed length control field 240814b ||||| |||| 00| 0 eng d
041 ## - LANGUAGE CODE
Language code of text/sound track or separate title eng
082 ## - DEWEY DECIMAL CLASSIFICATION NUMBER
Classification number 347.54/ Si643i/ 2001
100 ## - MAIN ENTRY--PERSONAL NAME
9 (RLIN) 5891
Personal name Singh, K.K.
245 ## - TITLE STATEMENT
Title The Indian Evidence Act, 1872 (Act No. 1of 1872) /
Statement of responsibility, etc. K.K. Singh, H.P. Gupta
250 ## - EDITION STATEMENT
Edition statement 6th ed.
260 ## - PUBLICATION, DISTRIBUTION, ETC. (IMPRINT)
Place of publication, distribution, etc. Lucknow:
Name of publisher, distributor, etc. Eastern Book Company,
Date of publication, distribution, etc. c2001
300 ## - PHYSICAL DESCRIPTION
Extent xxvii, 396 p. :
Dimensions 24 cm.
650 #0 - SUBJECT ADDED ENTRY--TOPICAL TERM
9 (RLIN) 26
Topical term or geographic name as entry element Law
700 ## - ADDED ENTRY--PERSONAL NAME
9 (RLIN) 5892
Personal name Gupta, H. P.
856 ## - ELECTRONIC LOCATION AND ACCESS
Password 0
Logon 0
Link text Download
942 ## - ADDED ENTRY ELEMENTS (KOHA)
Source of classification or shelving scheme
Koha item type Books
Holdings
Withdrawn status Lost status Source of classification or shelving scheme Damaged status Not for loan Collection code Permanent location Current location Shelving location Date acquired Source of acquisition Inventory number Total Checkouts Full call number Barcode Date last seen Copy number Price effective from Koha item type
        Not For Loan Non-fiction Bangladesh University of Business and Technology Library Bangladesh University of Business and Technology Library Law Stacks 07/16/2024 Purchase 30133   347.54/ Si643i/ 2001 BUBTL-200330133 08/14/2024 C-1 08/14/2024 Books
          Non-fiction Bangladesh University of Business and Technology Library Bangladesh University of Business and Technology Library Law Stacks 07/16/2024 Purchase 30134   347.54/ Si643i/ 2001 BUBTL-200330134 08/14/2024 C-2 08/14/2024 Books
          Non-fiction Bangladesh University of Business and Technology Library Bangladesh University of Business and Technology Library Law Stacks 07/16/2024 Purchase 30135   347.54/ Si643i/ 2001 BUBTL-200330135 08/14/2024 C-3 08/14/2024 Books
          Non-fiction Bangladesh University of Business and Technology Library Bangladesh University of Business and Technology Library Law Stacks 07/16/2024 Purchase 30136   347.54/ Si643i/ 2001 BUBTL-200330136 08/14/2024 C-4 08/14/2024 Books
        Not For Loan Non-fiction Bangladesh University of Business and Technology Library Bangladesh University of Business and Technology Library Law Stacks 07/16/2024 Purchase 30137   347.54/ Si643i/ 2001 BUBTL-200330137 08/14/2024 C-5 08/14/2024 Books

More Information About Library

Library Hours

  • Open: 9.00 am. to 9.00 pm.
  • Only Sunday: 9.00 am. to 6.00 pm.
  • Closed: Holiday

Contact to the University

Bangladesh University of Business and Technology Library

  • Mirpurl-2, 1216.
  • Phone:
  • Fax:
  • E-Mail: admin.library@bubt.edu.bd

Contact to the Library

Contact Person:

Md. Abdul Hakim Shah
Joint Librarian
PABX No:  113
Cell No: 01816332931
E-mail: official: admin.library@bubt.edu.bd
Personal: hakim.shah@bubt.edu.bd


BUBT Library

Copyright © 2021